[Event "26.Schlosspark-Open"]
[Site "Wiesbaden-Biebrich"]
[Date "2014.08.31"]
[Round "7.1"]
[White "Carlstedt, Jonathan"]
[Black "Poetsch, Hagen"]
[Result "1/2-1/2"]
[WhiteElo "2437"]
[BlackElo "2494"]
[PlyCount "32"]
[EventDate "2014.??.??"]
[WhiteTeam "Hamburger SK von 1830 eV"]
[BlackTeam "SF Schöneck"]

1. c4 e5 2. g3 c6 3. d4 exd4 4. Qxd4 Nf6 5. Bg2 Na6 6. Nf3 Bc5 7. Qe5+ Be7 8.
O-O O-O 9. Nc3 Re8 10. Qd4 d5 11. cxd5 Nxd5 12. Nxd5 cxd5 13. Bf4 g5 14. Be3
Bc5 15. Qd2 Bxe3 16. fxe3 Nc5 1/2-1/2

[Event "26.Schlosspark-Open"]
[Site "Wiesbaden-Biebrich"]
[Date "2014.08.31"]
[Round "7.3"]
[White "De Visser, Leon"]
[Black "Malek, Daniel"]
[Result "0-1"]
[WhiteElo "2204"]
[BlackElo "2391"]
[PlyCount "72"]
[EventDate "2014.??.??"]
[WhiteTeam "SC Brett vorm Kopp Ffm"]
[BlackTeam "Wiesbadener SV 1885"]

1. c4 Nf6 2. g3 c6 3. Nf3 d5 4. Bg2 dxc4 5. a4 Be6 6. O-O Na6 7. Na3 Bd5 8. Nc2
e6 9. Ne3 Bc5 10. Nxd5 cxd5 11. d3 cxd3 12. Qxd3 O-O 13. Bf4 Bd6 14. Bxd6 Qxd6
15. Nd4 Nc5 16. Qa3 Nce4 17. Bxe4 Nxe4 18. Qxd6 Nxd6 19. Nb5 Nc4 20. Rfc1 a6
21. Na3 Nd6 22. Rc7 Rfc8 23. Rac1 Kf8 24. b4 Rxc7 25. Rxc7 Rc8 26. Rxc8+ Nxc8
27. a5 Ke7 28. f4 Kd6 29. Kf2 Kc6 30. Ke3 Nd6 31. Kd3 f6 32. Nc2 e5 33. Na3 d4
34. e3 dxe3 35. Kxe3 Kd5 36. Kd3 e4+ 0-1

[Event "26.Schlosspark-Open"]
[Site "Wiesbaden-Biebrich"]
[Date "2014.08.31"]
[Round "7.4"]
[White "Bingert, Tim Niklas"]
[Black "Legde, Georg"]
[Result "0-1"]
[WhiteElo "2120"]
[BlackElo "2323"]
[PlyCount "76"]
[EventDate "2014.??.??"]
[WhiteTeam "SV 1920 Hofheim"]
[BlackTeam "Freibauer Mörlenbach-Birkenau"]

1. e4 c5 2. Nf3 d6 3. Bb5+ Nc6 4. O-O Bd7 5. Re1 Nf6 6. c3 a6 7. Bf1 Bg4 8. d3
e6 9. Nbd2 Be7 10. h3 Bh5 11. g4 Bg6 12. Nh4 d5 13. f4 dxe4 14. Nxg6 hxg6 15.
dxe4 Qc7 16. Qf3 g5 17. f5 Ne5 18. Qg2 O-O-O 19. Nc4 Nfxg4 20. hxg4 Nf3+ 21.
Kf2 Nxe1 22. Kxe1 b5 23. Ne3 Bd6 24. e5 Bxe5 25. Qa8+ Kd7 26. Qxa6 Ke7 27. Qxb5
Rh2 28. Bg2 Bg3+ 29. Ke2 Qd6 30. Qb7+ Kf8 31. Qe4 exf5 32. gxf5 Bf4 33. Kf1 Re8
34. Qf3 Qd3+ 35. Kf2 Rh4 36. Qe2 Bg3+ 37. Kf1 Rf4+ 38. Bf3 Rxf3+ 0-1

[Event "26.Schlosspark-Open"]
[Site "Wiesbaden-Biebrich"]
[Date "2014.08.31"]
[Round "7.5"]
[White "Haag, Martin"]
[Black "Krenz, Valeriy"]
[Result "1-0"]
[WhiteElo "2307"]
[BlackElo "2242"]
[PlyCount "89"]
[EventDate "2014.??.??"]
[WhiteTeam "SC Bonn Beuel"]
[BlackTeam "SAbt TuS Dotzheim"]

1. c4 c6 2. e4 d5 3. exd5 cxd5 4. d4 Nf6 5. Nc3 Nc6 6. Nf3 Bg4 7. cxd5 Nxd5 8.
Qb3 Bxf3 9. gxf3 e6 10. Qxb7 Nxd4 11. Bb5+ Nxb5 12. Qc6+ Ke7 13. Qxb5 Qd7 14.
Nxd5+ Qxd5 15. Bg5+ f6 16. Qxd5 exd5 17. Be3 Ke6 18. O-O-O Bb4 19. a3 Ba5 20.
b4 Bc7 21. Rhe1 g5 22. Bxg5+ Kf7 23. Rxd5 Rhc8 24. Be3 Bxh2+ 25. Kb1 Rc7 26.
Rh5 Be5 27. Rxh7+ Kg6 28. Rxc7 Bxc7 29. Rc1 Bd8 30. Rc6 a5 31. Kb2 axb4 32.
axb4 Kf5 33. Kb3 Ke5 34. Kc4 Ra2 35. Rc5+ Ke6 36. f4 Be7 37. f5+ Kd7 38. Rb5
Rb2 39. Rb7+ Ke8 40. b5 Rb1 41. b6 Bd6 42. Rh7 Kd8 43. Kd5 Be5 44. Kc6 Rb3 45.
Bc5 1-0

[Event "26.Schlosspark-Open"]
[Site "Wiesbaden-Biebrich"]
[Date "2014.08.31"]
[Round "7.6"]
[White "Boidman, Yuri"]
[Black "Cofman, Veaceslav"]
[Result "1/2-1/2"]
[WhiteElo "2384"]
[BlackElo "2094"]
[PlyCount "146"]
[EventDate "2014.??.??"]
[WhiteTeam "SC Heimbach-Weis/Neuwied"]
[BlackTeam "Karlsruher SF 1853"]

1. e4 Nc6 2. Nf3 d6 3. d4 e5 4. Bb5 exd4 5. Qxd4 Nf6 6. e5 Nd7 7. Bxc6 bxc6 8.
exd6 cxd6 9. O-O Nf6 10. Bg5 Be6 11. Bxf6 Qxf6 12. Qxf6 gxf6 13. Nc3 f5 14. Nd4
Kd7 15. Rad1 Bg7 16. Rfe1 Rab8 17. b3 Rhg8 18. Nce2 c5 19. Nf3 Bh6 20. Ng3 Kc7
21. Nh4 f4 22. Ne4 Rbd8 23. Nf6 Rh8 24. Nd5+ Kc6 25. c4 Rde8 26. Nf6 Rd8 27.
Nf3 a5 28. h4 a4 29. Nd2 axb3 30. axb3 Bg7 31. Nde4 Bxf6 32. Nxf6 Rb8 33. Rd3
Rb6 34. Nd5 Bxd5 35. cxd5+ Kd7 36. Re4 Rhb8 37. Rxf4 Rxb3 38. Rxf7+ Kd8 39. Rd2
R8b7 40. Rf6 Rd7 41. Kf1 Kc7 42. g4 Kb6 43. g5 c4 44. h5 Kc5 45. Rf4 Rc7 46.
Ke2 c3 47. Rc2 Kxd5 48. Kd3 Ra3 49. Rf5+ Ke6 50. Rf6+ Ke7 51. Rh6 Kf8 52. Rxd6
Kg7 53. f4 Rf7 54. h6+ Kf8 55. Rd4 Rc7 56. f5 Rc8 57. Ke4 Kg8 58. Rd7 Ra4+ 59.
Rd4 Ra1 60. Rd3 Ra4+ 61. Rd4 Ra1 62. g6 hxg6 63. fxg6 Re1+ 64. Kf4 Rf1+ 65. Ke3
Re1+ 66. Kf4 Rf1+ 67. Ke5 Re1+ 68. Kf5 Rf1+ 69. Ke6 Rc6+ 70. Ke5 Rxg6 71. Rxc3
Kh7 72. Rh4 Re1+ 73. Kd5 Re7 1/2-1/2

[Event "26.Schlosspark-Open"]
[Site "Wiesbaden-Biebrich"]
[Date "2014.08.31"]
[Round "7.7"]
[White "Rafiee, Makan"]
[Black "Davenport, Darcy"]
[Result "1-0"]
[WhiteElo "2258"]
[BlackElo "2153"]
[PlyCount "69"]
[EventDate "2014.??.??"]
[WhiteTeam "Kasseler SK 1876"]
[BlackTeam "vereinslos"]

1. e4 c6 2. d4 d5 3. Nc3 dxe4 4. Nxe4 Nd7 5. Ng5 Ngf6 6. Bd3 e6 7. N1f3 Bd6 8.
Qe2 h6 9. Ne4 Nxe4 10. Qxe4 Qc7 11. Qg4 Kf8 12. O-O b6 13. Re1 Bb7 14. b3 Nf6
15. Qh3 Nd5 16. Ne5 c5 17. Bb2 Nf4 18. Qg4 Bxe5 19. Rxe5 Nxd3 20. cxd3 cxd4 21.
Bxd4 Rg8 22. Bb2 Qd7 23. Ba3+ Ke8 24. Rae1 Bd5 25. Qb4 Bb7 26. d4 Kd8 27. h3
Re8 28. R5e3 Rc8 29. Rg3 g6 30. Bc1 Rc2 31. Bxh6 Bd5 32. Rc3 Rxc3 33. Qxc3 Qc6
34. Qg3 Qb7 35. Qd6+ 1-0

[Event "26.Schlosspark-Open"]
[Site "Wiesbaden-Biebrich"]
[Date "2014.08.31"]
[Round "7.8"]
[White "Sergin, Mark"]
[Black "Koch, Markus"]
[Result "1-0"]
[WhiteElo "2240"]
[BlackElo "2143"]
[PlyCount "33"]
[EventDate "2014.??.??"]
[WhiteTeam "Kasseler SK 1876"]
[BlackTeam "SC Brett vorm Kopp Ffm"]

1. e4 c5 2. Nf3 d6 3. d4 cxd4 4. Nxd4 Nf6 5. Nc3 Nc6 6. g3 g6 7. Bg2 Bd7 8. h3
Bg7 9. Be3 O-O 10. O-O Ne5 11. Qe2 Rc8 12. Rad1 Nc4 13. Bc1 b5 14. b3 b4 15.
Ncb5 Nb6 16. Nxa7 Ra8 17. Nac6 1-0

[Event "26.Schlosspark-Open"]
[Site "Wiesbaden-Biebrich"]
[Date "2014.08.31"]
[Round "7.10"]
[White "Hahn, Markus"]
[Black "Baskin, Robert"]
[Result "1/2-1/2"]
[WhiteElo "2221"]
[BlackElo "2152"]
[PlyCount "44"]
[EventDate "2014.??.??"]
[WhiteTeam "Kasseler SK 1876"]
[BlackTeam "SAbt TuS Makkabi Ffm"]

1. d4 Nf6 2. c4 g6 3. Nf3 Bg7 4. Nc3 O-O 5. e4 d6 6. h3 c6 7. Bg5 e5 8. d5 Na6
9. Be2 Qb6 10. Rb1 cxd5 11. cxd5 Nc5 12. Nd2 a5 13. g4 Bd7 14. Be3 Ne8 15. Nb3
f5 16. exf5 gxf5 17. gxf5 Bxf5 18. Nxc5 dxc5 19. Bd3 Nd6 20. Rg1 Kh8 21. Qd2
Bxd3 22. Qxd3 Rae8 1/2-1/2

[Event "26.Schlosspark-Open"]
[Site "Wiesbaden-Biebrich"]
[Date "2014.08.31"]
[Round "7.11"]
[White "Kiese, Matthias"]
[Black "Hebbering, Tom Elliot"]
[Result "1/2-1/2"]
[WhiteElo "2202"]
[BlackElo "2065"]
[PlyCount "79"]
[EventDate "2014.??.??"]
[WhiteTeam "Bochumer SV 02"]
[BlackTeam "SJ Herborn 1998"]

1. d4 d5 2. Nf3 Nf6 3. c4 c6 4. Nc3 dxc4 5. a4 Bf5 6. e3 e6 7. a5 Nbd7 8. Bxc4
b5 9. axb6 axb6 10. Rxa8 Qxa8 11. O-O h6 12. Qe2 Bh7 13. e4 b5 14. Bd3 b4 15.
Nb1 Be7 16. Nbd2 O-O 17. Ne5 Rd8 18. f3 c5 19. Nxd7 Nxd7 20. dxc5 Ne5 21. Bc2
Bxc5+ 22. Kh1 Nc6 23. Qc4 Bf8 24. Nb3 Na5 25. Nxa5 Rc8 26. Qe2 Qxa5 27. Bb3 Kh8
28. Be3 Bg8 29. Rd1 Qc7 30. g3 e5 31. Qb5 Qb8 32. Qd7 Rc7 33. Qd8 Rc8 34. Qd7
Rc7 35. Qd5 Rc8 36. Kg2 Bc5 37. Bxc5 f6 38. Qd3 Rxc5 39. Bxg8 Qxg8 40. Rd2
1/2-1/2

[Event "26.Schlosspark-Open"]
[Site "Wiesbaden-Biebrich"]
[Date "2014.08.31"]
[Round "7.12"]
[White "Feicht, Arno"]
[Black "Kiefer, Daniel"]
[Result "1/2-1/2"]
[WhiteElo "2053"]
[BlackElo "2263"]
[PlyCount "83"]
[EventDate "2014.??.??"]
[WhiteTeam "SC Butzbach 2000"]
[BlackTeam "Sfr.Mainz 1928"]

1. d4 Nf6 2. Nc3 c5 3. d5 d6 4. e4 g6 5. Bb5+ Bd7 6. a4 Bg7 7. Nf3 O-O 8. h3 a6
9. Be2 e5 10. dxe6 Bxe6 11. O-O Nc6 12. Bf4 d5 13. exd5 Nxd5 14. Nxd5 Bxd5 15.
c3 Na5 16. Nd2 Qb6 17. Rb1 c4 18. Bf3 Be6 19. Be4 Rad8 20. Qf3 Rd7 21. Rfd1 Rc8
22. Bc2 Nc6 23. Be3 Qd8 24. Ne4 Ne5 25. Qe2 Qe7 26. Rxd7 Nxd7 27. Rd1 Rc6 28.
Bg5 f6 29. Be3 Bf5 30. Bd4 b5 31. axb5 axb5 32. Ra1 Rc8 33. Ra7 Re8 34. f3 Qe6
35. Qf2 g5 36. g4 Bg6 37. Kg2 Qc6 38. Ng3 Bf8 39. Be4 Bxe4 40. Nxe4 Rxe4 41.
fxe4 Qxe4+ 42. Qf3 1/2-1/2

[Event "26.Schlosspark-Open"]
[Site "Wiesbaden-Biebrich"]
[Date "2014.08.31"]
[Round "7.13"]
[White "Hupprich, Thorsten"]
[Black "Nagel, Bernhard"]
[Result "0-1"]
[WhiteElo "2000"]
[BlackElo "2204"]
[PlyCount "106"]
[EventDate "2014.??.??"]
[WhiteTeam "SK Lauterecken 1963"]
[BlackTeam "Wiesbadener SV 1885"]

1. c4 e5 2. g3 Nc6 3. Bg2 Nf6 4. Nc3 Bb4 5. Nd5 Bc5 6. e3 d6 7. a3 O-O 8. b4
Bb6 9. Nxb6 axb6 10. Bb2 Bg4 11. Qb3 Re8 12. d3 Qd7 13. h3 Be6 14. Qc2 d5 15.
Ne2 dxc4 16. dxc4 Bf5 17. Qb3 Rad8 18. Rd1 Qxd1+ 19. Qxd1 Rxd1+ 20. Kxd1 Ne4
21. Bxe4 Bxe4 22. Re1 Bd3 23. Kd2 Bxc4 24. Kc3 Bxe2 25. Rxe2 Rd8 26. Kc2 f6 27.
f4 Kf7 28. fxe5 fxe5 29. b5 Na7 30. a4 Ke6 31. e4 c6 32. bxc6 bxc6 33. Rf2 c5
34. h4 Nc6 35. Bc3 c4 36. Rd2 Ra8 37. Rd5 Rxa4 38. Rb5 Ra2+ 39. Kb1 Ra3 40.
Rxb6 Rxc3 41. Rxc6+ Kd7 42. Rc5 Kd6 43. Rc8 Rxg3 44. Rxc4 Rh3 45. Kc2 Rxh4 46.
Kd3 Rh3+ 47. Ke2 g5 48. Rc8 g4 49. Rg8 h5 50. Rg5 g3 51. Kf3 h4 52. Kg2 Rh2+
53. Kg1 Rf2 0-1

[Event "26.Schlosspark-Open"]
[Site "Wiesbaden-Biebrich"]
[Date "2014.08.31"]
[Round "7.14"]
[White "Pioch, Thomas"]
[Black "Everett, Elijah"]
[Result "1-0"]
[WhiteElo "2160"]
[BlackElo "2049"]
[PlyCount "49"]
[EventDate "2014.??.??"]
[WhiteTeam "Sfr.Mainz 1928"]
[BlackTeam "SF Schöneck"]

1. e4 c5 2. Nf3 d6 3. d4 cxd4 4. Nxd4 Nf6 5. Nc3 a6 6. f4 e5 7. Nf3 Nbd7 8. Bd3
Be7 9. O-O b5 10. fxe5 dxe5 11. Kh1 Bb7 12. Qe2 O-O 13. a3 Rc8 14. Bd2 Qc7 15.
Nh4 Nb6 16. Nf5 Bd8 17. Qf2 Ne8 18. Qg3 Kh8 19. Nd1 Nc4 20. Bb4 Rg8 21. b3 Na5
22. Nde3 f6 23. Rf3 Nc6 24. Qg6 hxg6 25. Rh3# 1-0

[Event "26.Schlosspark-Open"]
[Site "Wiesbaden-Biebrich"]
[Date "2014.08.31"]
[Round "7.15"]
[White "Hahn, Florian"]
[Black "Berberich, Christoph"]
[Result "1-0"]
[WhiteElo "2133"]
[BlackElo "2056"]
[PlyCount "113"]
[EventDate "2014.??.??"]
[WhiteTeam "SJ Herborn 1998"]
[BlackTeam "SK Freiburg Zähringen 1887 e.V."]

1. c4 Nf6 2. g3 g6 3. Bg2 Bg7 4. Nc3 O-O 5. d4 c5 6. Nf3 cxd4 7. Nxd4 Nc6 8.
O-O Nxd4 9. Qxd4 d6 10. Qd3 a6 11. Bd2 Rb8 12. c5 dxc5 13. Qxd8 Rxd8 14. Bf4
Ra8 15. Na4 Nd7 16. Rfd1 Re8 17. Rac1 e5 18. Be3 Rb8 19. b4 cxb4 20. Rxc8 Rbxc8
21. Rxd7 Red8 22. Rxd8+ Rxd8 23. Bxb7 Bf8 24. Kg2 Rb8 25. Bd5 Kg7 26. g4 f5 27.
g5 h6 28. f4 Rd8 29. Bb3 exf4 30. Bxf4 hxg5 31. Bxg5 Rd4 32. Kf3 Rg4 33. Bf4
Kf6 34. Nb6 g5 35. Bg3 Kg6 36. Nd5 Re4 37. h3 Bc5 38. Be1 Bd6 39. Bc2 Rd4 40.
Ne3 Rf4+ 41. Kg2 Bc5 42. Nd5 Rc4 43. Bb3 Re4 44. Kf3 a5 45. Bg3 a4 46. Bxa4 Rd4
47. Bb3 g4+ 48. hxg4 fxg4+ 49. Kg2 Rd2 50. Kf1 Rb2 51. Be1 Kg5 52. Nxb4 Rb1 53.
Nd3 Bd4 54. Kg2 Kf5 55. Bc2 Ra1 56. Bb3 Kg5 57. e4 1-0

[Event "26.Schlosspark-Open"]
[Site "Wiesbaden-Biebrich"]
[Date "2014.08.31"]
[Round "7.16"]
[White "Gentner, Markus"]
[Black "Keymer, Vincent"]
[Result "0-1"]
[WhiteElo "1988"]
[BlackElo "2036"]
[PlyCount "64"]
[EventDate "2014.??.??"]
[WhiteTeam "SC Murrhardt 1948 e.V."]
[BlackTeam "SK Gau-Algesheim"]

1. Nf3 d5 2. c4 c6 3. g3 Bg4 4. Bg2 e6 5. b3 Nd7 6. Bb2 Ngf6 7. O-O Bd6 8. d3
O-O 9. Nbd2 Re8 10. Qc2 a5 11. a3 Rc8 12. e3 e5 13. Rfc1 Rc7 14. Bc3 b6 15. b4
axb4 16. axb4 Qe7 17. c5 bxc5 18. bxc5 Bxc5 19. Bxe5 Nxe5 20. Nxe5 Bxe3 21. Re1
Qxe5 22. fxe3 c5 23. Nf3 Qh5 24. Nd2 Be6 25. Ra4 Rec8 26. Qc3 Ng4 27. Nf3 h6
28. h3 Nxe3 29. Rxe3 d4 30. Nxd4 cxd4 31. Qxd4 Bxh3 32. g4 Rc1+ 0-1

[Event "26.Schlosspark-Open"]
[Site "Wiesbaden-Biebrich"]
[Date "2014.08.31"]
[Round "7.17"]
[White "Thybo, Jesper Sondergaard"]
[Black "Kuhn, Gerhard"]
[Result "1-0"]
[WhiteElo "2121"]
[BlackElo "2023"]
[PlyCount "61"]
[EventDate "2014.??.??"]
[WhiteTeam "Skive Skak Klub"]
[BlackTeam "SK Marburg 1931/72"]

1. d4 Nf6 2. c4 g6 3. Nc3 d5 4. Bf4 Bg7 5. e3 O-O 6. Nf3 c5 7. dxc5 Qa5 8. Rc1
Ne4 9. cxd5 Nxc3 10. Qd2 Qxc5 11. bxc3 Bf5 12. c4 Na6 13. Nd4 Bd7 14. Be2 Rac8
15. O-O Rfd8 16. Bg5 h6 17. Bh4 Nc7 18. Nb3 Qd6 19. e4 g5 20. Bg3 Qg6 21. Bd3
e5 22. c5 h5 23. f3 f5 24. Na5 f4 25. Bf2 Rb8 26. c6 bxc6 27. Nxc6 Bxc6 28.
Rxc6 Qf7 29. d6 Ne6 30. Bc4 Rb7 31. Qd5 1-0

[Event "26.Schlosspark-Open"]
[Site "Wiesbaden-Biebrich"]
[Date "2014.08.31"]
[Round "7.19"]
[White "Schimmele, Alexander"]
[Black "Schnicke, Robert"]
[Result "0-1"]
[WhiteElo "1829"]
[BlackElo "2164"]
[PlyCount "89"]
[EventDate "2014.??.??"]
[WhiteTeam "SC Neckarsulm e.V."]
[BlackTeam "TV Winnweiler"]

1. e4 d6 2. d4 g6 3. Nf3 Bg7 4. Be3 a6 5. c4 c6 6. a4 a5 7. Nc3 Na6 8. Qd2 Nb4
9. Be2 Qc7 10. O-O Nf6 11. h3 O-O 12. Rfd1 Nd7 13. Bh6 e5 14. d5 Nc5 15. Bxg7
Kxg7 16. Ra3 cxd5 17. Nxd5 Nxd5 18. exd5 f6 19. Ne1 Bd7 20. Qc2 Rae8 21. Nd3
Bf5 22. Qc1 Bxd3 23. Bxd3 Kg8 24. Qc2 f5 25. Re1 Qb6 26. Bf1 Rf7 27. Kh1 Qd8
28. Rae3 f4 29. R3e2 f3 30. Re3 fxg2+ 31. Bxg2 Ref8 32. f3 Rf4 33. b3 Qh4 34.
Kg1 R8f5 35. Qf2 Qf6 36. Qe2 Rh5 37. Kh1 Rfh4 38. Qf1 Qf4 39. R1e2 Qh6 40. f4
Rxf4 41. Rf2 Rhf5 42. Ref3 Ne4 43. Qc1 Nxf2+ 44. Rxf2 Qh4 45. Rxf4 0-1

[Event "26.Schlosspark-Open"]
[Site "Wiesbaden-Biebrich"]
[Date "2014.08.31"]
[Round "7.21"]
[White "Mager, Denis"]
[Black "Lenz, Jonas"]
[Result "1-0"]
[WhiteElo "2152"]
[BlackElo "1973"]
[PlyCount "47"]
[EventDate "2014.??.??"]
[WhiteTeam "SAbt TuS Makkabi Ffm"]
[BlackTeam "SK Bad Homburg 1927"]

1. c4 Nf6 2. Nc3 e5 3. e3 d6 4. Nf3 Nbd7 5. d4 g6 6. Be2 Bg7 7. O-O O-O 8. Qc2
Re8 9. Rd1 e4 10. Nd2 Qe7 11. Nb5 Nf8 12. d5 c5 13. dxc6 bxc6 14. Nd4 c5 15.
Nb5 h5 16. Nb3 Ng4 17. Nxd6 Be5 18. Bxg4 Bxg4 19. Nxe8 Qh4 20. Nf6+ Qxf6 21.
Rd5 Ne6 22. Qxe4 Bxh2+ 23. Kxh2 Qxf2 24. Bd2 1-0

[Event "26.Schlosspark-Open"]
[Site "Wiesbaden-Biebrich"]
[Date "2014.08.31"]
[Round "7.22"]
[White "Seifert, Norbert"]
[Black "Serbu, Eli"]
[Result "0-1"]
[WhiteElo "2000"]
[BlackElo "2150"]
[PlyCount "46"]
[EventDate "2014.??.??"]
[WhiteTeam "SF Neuberg"]
[BlackTeam "Wiesbadener SV 1885"]

1. d4 Nf6 2. Nf3 g6 3. c4 Bg7 4. Nc3 d5 5. e3 O-O 6. Be2 c5 7. dxc5 Qa5 8. O-O
dxc4 9. Bxc4 Qxc5 10. Qd4 Qh5 11. Qe5 Qg4 12. Qd4 Nc6 13. Qxg4 Bxg4 14. Be2
Rfd8 15. a3 Rac8 16. h3 Bf5 17. Rd1 Ne4 18. Nb5 Rxd1+ 19. Bxd1 Rd8 20. Be2 Nc5
21. Nfd4 Nxd4 22. Nxd4 Bxd4 23. exd4 Nb3 0-1

[Event "26.Schlosspark-Open"]
[Site "Wiesbaden-Biebrich"]
[Date "2014.08.31"]
[Round "7.23"]
[White "Schmitt, Carsten"]
[Black "Björknes, Uwe"]
[Result "1/2-1/2"]
[WhiteElo "1984"]
[BlackElo "2133"]
[PlyCount "115"]
[EventDate "2014.??.??"]
[WhiteTeam "SV Bergwinkel"]
[BlackTeam "vereinslos"]

1. c4 Nf6 2. g3 g6 3. Bg2 d5 4. cxd5 Nxd5 5. Nc3 Nxc3 6. bxc3 Bg7 7. Qb3 c6 8.
Nf3 O-O 9. h4 Qc7 10. h5 e5 11. hxg6 hxg6 12. Qc4 Qe7 13. Nh4 Be6 14. Qd3 Qg5
15. Qc2 Bd5 16. e4 Be6 17. d4 Qe7 18. d5 Bg4 19. a4 Rd8 20. Ba3 Qf6 21. c4 cxd5
22. cxd5 Nd7 23. f3 g5 24. fxg4 gxh4 25. gxh4 Qf4 26. g5 Qg3+ 27. Kf1 Rac8 28.
Qd1 Rc3 29. Rh3 Qf4+ 30. Rf3 Rxf3+ 31. Qxf3 Qxh4 32. Be7 Rc8 33. Bh3 Rc4 34.
Qg4 Rxe4 35. Qxh4 Rxh4 36. Bxd7 Rh1+ 37. Ke2 Rxa1 38. d6 e4 39. Bf5 Bf8 40.
Bh7+ Kg7 41. Bf6+ Kxh7 42. d7 Ra2+ 43. Kd1 e3 44. d8=Q Rd2+ 45. Qxd2 exd2 46.
Kxd2 Kg6 47. Kd3 Kf5 48. Kc4 Bd6 49. Kb5 Bc7 50. Kc4 Bf4 51. Bd4 a6 52. Kc5 Ke4
53. Bf6 Be3+ 54. Kd6 b5 55. axb5 axb5 56. Ke7 Kf5 57. Kxf7 Bxg5 58. Bc3 1/2-1/2

[Event "26.Schlosspark-Open"]
[Site "Wiesbaden-Biebrich"]
[Date "2014.08.31"]
[Round "7.24"]
[White "Göbel, Andreas"]
[Black "Stimpel, Franz"]
[Result "1/2-1/2"]
[WhiteElo "1987"]
[BlackElo "2124"]
[PlyCount "68"]
[EventDate "2014.??.??"]
[WhiteTeam "SC Brett vorm Kopp Ffm"]
[BlackTeam "Wiesbadener SV 1885"]

1. Nf3 Nf6 2. g3 g6 3. Bg2 Bg7 4. c4 O-O 5. Nc3 d6 6. d4 Nbd7 7. O-O e5 8. e3
c6 9. b3 e4 10. Nd2 d5 11. f4 exf3 12. Qxf3 Qa5 13. Bb2 Nb6 14. c5 Bg4 15. Qf2
Nbd7 16. a3 Qc7 17. Qf4 Qxf4 18. exf4 Rfe8 19. Rfe1 Rxe1+ 20. Rxe1 Re8 21.
Rxe8+ Nxe8 22. Na4 Nc7 23. Kf2 Nb5 24. Ke3 Bd1 25. Kd3 Bg4 26. Bf3 Bf5+ 27. Ke3
Bc2 28. Be2 a6 29. Bd3 Bd1 30. Bxb5 axb5 31. Nc3 Bc2 32. b4 b6 33. Nf3 bxc5 34.
dxc5 Kf8 1/2-1/2

[Event "26.Schlosspark-Open"]
[Site "Wiesbaden-Biebrich"]
[Date "2014.08.31"]
[Round "7.25"]
[White "Schmidt, Volker"]
[Black "Holzschuh, Gerald"]
[Result "0-1"]
[WhiteElo "1967"]
[BlackElo "2113"]
[PlyCount "66"]
[EventDate "2014.??.??"]
[WhiteTeam "SAbt TuS Dotzheim"]
[BlackTeam "SC Bad Nauheim"]

1. c4 e6 2. g3 d5 3. Bg2 c5 4. Nf3 d4 5. d3 Nc6 6. O-O Nf6 7. Bf4 Nd7 8. Qa4 f6
9. Na3 a6 10. Qd1 Be7 11. Nc2 O-O 12. Bd2 e5 13. Rb1 a5 14. a4 f5 15. e3 g5 16.
exd4 exd4 17. Qe2 g4 18. Nh4 Nde5 19. Bd5+ Kh8 20. Bf4 Bf6 21. Rbe1 Re8 22. Qd2
Bd7 23. Bxe5 Nxe5 24. Qh6 Bg7 25. Qh5 Qf6 26. Rd1 Bxa4 27. Rd2 Rf8 28. Ne1 Be8
29. Qxf5 Qxf5 30. Nxf5 Rxf5 31. Bxb7 Rb8 32. Be4 Rf6 33. Kg2 Rfb6 0-1

[Event "26.Schlosspark-Open"]
[Site "Wiesbaden-Biebrich"]
[Date "2014.08.31"]
[Round "7.26"]
[White "Frömbgen, Andreas"]
[Black "Busche, Stefan"]
[Result "0-1"]
[WhiteElo "1953"]
[BlackElo "2108"]
[PlyCount "72"]
[EventDate "2014.??.??"]
[WhiteTeam "SK Gau-Algesheim"]
[BlackTeam "SVG Saarbrücken 1970 e.V."]

1. c4 Nf6 2. g3 c6 3. Bg2 d5 4. Nf3 dxc4 5. Qc2 g6 6. Qxc4 Bg7 7. O-O O-O 8.
Nc3 Nbd7 9. d4 Nb6 10. Qb3 Bf5 11. Re1 Ne4 12. e3 a5 13. a3 a4 14. Qd1 Qc7 15.
Nxe4 Bxe4 16. Nd2 Bxg2 17. Kxg2 e5 18. dxe5 Bxe5 19. Nf3 Rfd8 20. Qc2 Bg7 21.
Bd2 Qd7 22. Rac1 Qd3 23. Bc3 Bxc3 24. Qxc3 Qe4 25. Qc5 Nd7 26. Qd6 Nf8 27. Qf6
Rd5 28. Qf4 Qe7 29. e4 Rd3 30. Rc2 Ne6 31. Qc1 Qf6 32. Re3 Rad8 33. Rc3 Rd1 34.
Qc2 g5 35. e5 Qg7 36. Qxa4 Nf4+ 0-1

[Event "26.Schlosspark-Open"]
[Site "Wiesbaden-Biebrich"]
[Date "2014.08.31"]
[Round "7.27"]
[White "Barpiyeva, Gulsana"]
[Black "Özdemir, Ali Özden"]
[Result "1/2-1/2"]
[WhiteElo "2098"]
[BlackElo "1958"]
[PlyCount "87"]
[EventDate "2014.??.??"]
[WhiteTeam "SC Brett vorm Kopp Ffm"]
[BlackTeam "SK Langen"]

1. c4 g6 2. Nc3 Bg7 3. g3 Nc6 4. Bg2 d6 5. d3 e5 6. e3 f5 7. Nge2 Nf6 8. O-O
O-O 9. Rb1 a5 10. a3 Be6 11. Nd5 Ra7 12. Nec3 Rf7 13. Re1 Qc8 14. Qe2 Ra8 15.
Nb5 Na7 16. Nbc3 Nc6 17. b4 axb4 18. axb4 Ne7 19. Bb2 Rb8 20. d4 e4 21. Nf4 Bd7
22. h4 h6 23. Rec1 g5 24. hxg5 hxg5 25. Nfd5 Nfxd5 26. Nxd5 Nxd5 27. cxd5 g4
28. b5 b6 29. Qc4 Be8 30. Ra1 Qd8 31. Ra7 Rc8 32. Bf1 Bf8 33. Bg2 Rh7 34. Bc3
Bd7 35. Kf1 Rh2 36. Kg1 Rh7 37. Kf1 Rh2 38. Kg1 Rh7 39. Be1 Qe8 40. Rb1 Rh6 41.
Rb2 Rh7 42. Kf1 Rh2 43. Rb1 Qd8 44. Kg1 1/2-1/2

[Event "26.Schlosspark-Open"]
[Site "Wiesbaden-Biebrich"]
[Date "2014.08.31"]
[Round "7.28"]
[White "Budde, Michael"]
[Black "Rosenberger, Frank"]
[Result "1-0"]
[WhiteElo "1884"]
[BlackElo "2098"]
[PlyCount "115"]
[EventDate "2014.??.??"]
[WhiteTeam "SC Flörsheim 1921"]
[BlackTeam "SK 1980 Gernsheim"]

1. Nf3 d5 2. d4 c6 3. c3 Bf5 4. Bf4 e6 5. e3 Bd6 6. Bxd6 Qxd6 7. Nh4 Bg6 8.
Nxg6 hxg6 9. Qb3 b6 10. h3 Nd7 11. Nd2 Ngf6 12. Be2 O-O 13. f4 c5 14. g4 cxd4
15. cxd4 Rfc8 16. g5 Nh5 17. Bxh5 gxh5 18. g6 fxg6 19. Qd3 Nf8 20. Nf3 Qb4+ 21.
Qd2 Qb5 22. Kf2 Rc7 23. Rac1 Rac8 24. Rxc7 Rxc7 25. Rc1 Qd7 26. Ne5 Qc8 27.
Rxc7 Qxc7 28. Qc3 Qxc3 29. bxc3 Nh7 30. c4 dxc4 31. Nxc4 g5 32. Kf3 Kf7 33.
Nd6+ Kf6 34. Nc8 gxf4 35. Kxf4 g5+ 36. Kf3 Nf8 37. Nxa7 Nd7 38. e4 Kg6 39. Nc6
Kf6 40. e5+ Kf7 41. Ke4 Nf8 42. Nb4 Nd7 43. Nd3 Nf8 44. d5 exd5+ 45. Kxd5 Ne6
46. a4 Ke7 47. Kc6 Nf4 48. Nf2 Ke6 49. Kxb6 Kxe5 50. a5 Nd5+ 51. Kc5 Nc7 52.
Kc6 Na6 53. Kb6 Nb8 54. Kb7 Nd7 55. Nd3+ Kd4 56. a6 Kxd3 57. a7 Nc5+ 58. Kc6
1-0

[Event "26.Schlosspark-Open"]
[Site "Wiesbaden-Biebrich"]
[Date "2014.08.31"]
[Round "7.29"]
[White "Werner, Dimo"]
[Black "Martin, Reiner"]
[Result "1/2-1/2"]
[WhiteElo "2097"]
[BlackElo "1981"]
[PlyCount "31"]
[EventDate "2014.??.??"]
[WhiteTeam "TSV Schott Mainz"]
[BlackTeam "SC Bad Soden"]

1. Nf3 c5 2. c4 Nf6 3. Nc3 g6 4. g3 Bg7 5. Bg2 O-O 6. O-O Nc6 7. d3 d6 8. Bd2
Rb8 9. a3 a6 10. Rb1 b5 11. cxb5 axb5 12. b4 cxb4 13. axb4 Bd7 14. h3 h6 15.
Kh2 Kh7 16. Kg1 1/2-1/2

[Event "26.Schlosspark-Open"]
[Site "Wiesbaden-Biebrich"]
[Date "2014.08.31"]
[Round "7.30"]
[White "Frey, Thomas"]
[Black "Eg, Karlheinz"]
[Result "1-0"]
[WhiteElo "2089"]
[BlackElo "1896"]
[PlyCount "75"]
[EventDate "2014.??.??"]
[WhiteTeam "SV Reutlingen"]
[BlackTeam "SV Rüsselsheim 1929"]

1. c4 Nf6 2. g3 c6 3. Nf3 d5 4. b3 Bf5 5. Bg2 e6 6. O-O Be7 7. Bb2 O-O 8. d3
Nbd7 9. Nbd2 Rc8 10. a3 a5 11. Qc2 h6 12. Bc3 c5 13. e4 Bh7 14. Rae1 d4 15. Bb2
e5 16. Nh4 Ne8 17. Nf5 Bf6 18. Bc1 Qc7 19. Nf3 Nd6 20. Nxd6 Qxd6 21. h4 Qe7 22.
Bh3 Rc7 23. Nh2 Bxh4 24. gxh4 Qxh4 25. Kg2 f5 26. Nf3 Qh5 27. Rh1 Qg6+ 28. Kf1
fxe4 29. Nh4 Qf6 30. dxe4 Kh8 31. Bf5 Nb8 32. Bxh7 Kxh7 33. Nf5 Nc6 34. Qd3
Rcf7 35. Qg3 Ne7 36. Bxh6 gxh6 37. Rxh6+ Qxh6 38. Nxh6 1-0